| 000 | 00366nam a2200133 a 4500 | ||
|---|---|---|---|
| 001 | 000031030 | ||
| 005 | 20200930062648.0 | ||
| 008 | 110610s19uu dr 000 0 spa d | ||
| 040 |
_aDO-SdBNP _bspa _cBNPHU |
||
| 245 | 0 | 0 | _aPueblo sangre y canto. |
| 260 |
_a[Santo Domingo] : _bPublicación del Frente Cultural, _c[19??]. |
||
| 300 |
_a30 p. ; _c22 cm. |
||
| 049 | _aBNPD | ||
| 999 |
_c30522 _d30522 |
||